00471nam a2200181Ia 4500003000400000005001700004008004100021040000700062041001200069082002100081100002500102245005600127260004100183365001300224650001800237650002000255700001400275OSt20250926175314.0210423s2002 xx 000 0 und d cAL aEnglish a305.231 JAYS223 aStanley Jaya Kumar G aStatus of families having mentally retirded persons aNew DelhibSonali Publicationsc2002 b500cINR aSocial Groups aSocial Sciences aLalitha E